Statystyki dla Medalistki Ligi Narodów w siatkówce kobiet

Kliknij tutaj aby rozwiązać quiz!

Ogólne statystyki

  • Ten quiz został rozwiązany 62 razy
  • Średni wynik to 5 z 6

Statystyki odpowiedzi

ReprezentacjaZłoteSrebrneBrązowe% Poprawnych
USA300
90%
Włochy100
90%
Brazylia030
88%
Turcja011
84%
Chiny002
80%
Serbia001
80%

Rozkład punktacji

Percentyl według liczby udzielonych odpowiedzi

Procent ludzi z każdym wynikiem

Twoja historia wyników

Nie rozwiązałeś tego quizu